000 00403nam a22001457a 4500
005 20151204094538.0
008 151204b xxu||||| |||| 00| 0 eng d
040 _cPK-LaUMT
082 _aMSC 320.95491
_bSAR-R
100 _aسرفراز سید
245 _aراوی نامہ
_cسرفراز سید
260 _aلاہور
_bقریشی برادرز پبلشرز
_c2009
300 _a288 ص
942 _cBK
999 _c79506
_d79506